Catholic University of Zimbabwe Library
Online Public Access Catalogue
(OPAC)

The history manifesto / (Record no. 27799)

MARC details
000 -LEADER
fixed length control field 02701nam a22003978i 4500
001 - CONTROL NUMBER
control field CR9781139923880
003 - CONTROL NUMBER IDENTIFIER
control field UkCbUP
005 - DATE AND TIME OF LATEST TRANSACTION
control field 20210213154025.0
006 - FIXED-LENGTH DATA ELEMENTS--ADDITIONAL MATERIAL CHARACTERISTICS
fixed length control field m|||||o||d||||||||
007 - PHYSICAL DESCRIPTION FIXED FIELD--GENERAL INFORMATION
fixed length control field cr||||||||||||
008 - FIXED-LENGTH DATA ELEMENTS--GENERAL INFORMATION
fixed length control field 140220s2014||||enk o ||1 0|eng|d
020 ## - INTERNATIONAL STANDARD BOOK NUMBER
International Standard Book Number 9781139923880 (ebook)
020 ## - INTERNATIONAL STANDARD BOOK NUMBER
Canceled/invalid ISBN 9781107076341 (hardback)
020 ## - INTERNATIONAL STANDARD BOOK NUMBER
Canceled/invalid ISBN 9781107432437 (paperback)
040 ## - CATALOGING SOURCE
Original cataloging agency UkCbUP
Language of cataloging eng
Description conventions rda
Transcribing agency UkCbUP
050 00 - LIBRARY OF CONGRESS CALL NUMBER
Classification number D16.8
Item number .G85 2014
082 00 - DEWEY DECIMAL CLASSIFICATION NUMBER
Classification number 901
Edition number 23
100 1# - MAIN ENTRY--PERSONAL NAME
Personal name Guldi, Jo
Fuller form of name (Joanna),
Dates associated with a name 1978-
Relator term author.
245 14 - TITLE STATEMENT
Title The history manifesto /
Statement of responsibility, etc. Jo Guldi, David Armitage.
264 #1 - PRODUCTION, PUBLICATION, DISTRIBUTION, MANUFACTURE, AND COPYRIGHT NOTICE
Name of producer, publisher, distributor, manufacturer Cambridge University Press,
300 ## - PHYSICAL DESCRIPTION
Extent 1 online resource (x,165 pages) :
Other physical details digital, PDF file(s).
500 ## - GENERAL NOTE
General note Title from publisher's bibliographic system (viewed on 19 Jun 2019).
500 ## - GENERAL NOTE
General note Open Access title.
505 0# - FORMATTED CONTENTS NOTE
Formatted contents note Introduction: The Bonfire of the Humanities? -- Going Forward by Looking Back : the Rise of the Longue Durée -- The Short Past : or, The Retreat of the Longue Durée -- The Long and the Short : Climate Change, Governance and Inequality since the 1970s -- Big Questions, Big Data -- Conclusion: The Public Future of the Past.
520 ## - SUMMARY, ETC.
Summary, etc. How should historians speak truth to power - and why does it matter? Why is five hundred years better than five months or five years as a planning horizon? And why is history - especially long-term history - so essential to understanding the multiple pasts which gave rise to our conflicted present? The History Manifesto is a call to arms to historians and everyone interested in the role of history in contemporary society. Leading historians Jo Guldi and David Armitage identify a recent shift back to longer-term narratives, following many decades of increasing specialisation, which they argue is vital for the future of historical scholarship and how it is communicated. This provocative and thoughtful book makes an important intervention in the debate about the role of history and the humanities in a digital age. It will provoke discussion among policymakers, activists and entrepreneurs as well as ordinary listeners, viewers, readers, students and teachers. This title is also available as Open Access.
650 #0 - SUBJECT ADDED ENTRY--TOPICAL TERM
Topical term or geographic name entry element History
General subdivision Philosophy.
650 #0 - SUBJECT ADDED ENTRY--TOPICAL TERM
Topical term or geographic name entry element Historiography
General subdivision Philosophy.
650 #0 - SUBJECT ADDED ENTRY--TOPICAL TERM
Topical term or geographic name entry element Historiography
General subdivision Political aspects.
650 #0 - SUBJECT ADDED ENTRY--TOPICAL TERM
Topical term or geographic name entry element Historiography
General subdivision Social aspects.
700 1# - ADDED ENTRY--PERSONAL NAME
Personal name Armitage, David,
Dates associated with a name 1965-
Relator term author.
776 08 - ADDITIONAL PHYSICAL FORM ENTRY
Relationship information Print version:
International Standard Book Number 9781107076341
856 40 - ELECTRONIC LOCATION AND ACCESS
Uniform Resource Identifier <a href="https://www.cambridge.org/core/product/identifier/9781139923880/type/BOOK">https://www.cambridge.org/core/product/identifier/9781139923880/type/BOOK</a>
Holdings
Withdrawn status Lost status Source of classification or shelving scheme Damaged status Not for loan Home library Current library Shelving location Date acquired Total Checkouts Full call number Date last seen Uniform Resource Identifier Price effective from Koha item type
          Digital Library Digital Library Online Access 13.02.2021   D16.8 .G85 2014 13.02.2021 https://www.cambridge.org/core/product/identifier/9781139923880/type/BOOK 13.02.2021 eBook

OPENING HOURS

Weekdays: 0815hrs - 1800hrs
Weekends:0900hrs - 1200hrs

Closed for Mass:

Mon, Thur: 1200hrs - 1300hrs
Sunday & Public Holiday’s

CALL SUPPORT

0242-570570, 0242-570169
09200664, +263 8644140602

LOCATION

18443, Cranborne Avenue, Hatfield, Harare

Other Links


©2021 | CUZ Library